Word Ladder: Hugh Jackman's Circus Movie Quiz Stats

 Plays Quiz Updated Apr 2, 2019

Score 0/22 Timer 03:00
0 Plays Today
Clue 4-Letter Answer % Correct
Do this to eggs or drumsBEAT
98%
Better than the restBEST
97.6%
Abode used while campingTENT
97.5%
Pesty, spoiled childBRAT
97.4%
A chair or stool, for exampleSEAT
97.3%
Posted a letter in the mailSENT
97.3%
• Series of questions given to gauge knowledge •• TEST •
97.2%
Ending of a legFOOT
97.1%
Olympic throwing event - ____ PutSHOT
96.8%
Residue found in a chimneySOOT
96.8%
Neck hair possessed by a lion or horseMANE
96.4%
Clue 4-Letter Answer % Correct
Price to take a busFARE
96.2%
Female horseMARE
95.9%
Location where fabric is joined togetherSEAM
95.8%
• Reveal •• SHOW •
95.8%
Golfer's warningFORE
95%
A defensive stronghold occupied by troopsFORT
95%
• Wilde novel - The Picture of Dorian ____• (THE) GRAY •
94.2%
Irish playwright George Bernard ____SHAW
93.3%
Donkey's soundBRAY
93.1%
Fake or counterfeitSHAM
90.4%
• American actress Leslie ____• MANN •
71.7%

Today's Daily Dose

Missing Word
Sherlocks

Word Ladder
King of the Hill

Quick Pick
Songs in Pink

Get the Picture
NBA Teammates

You're not logged in!

Compare scores with friends on all Sporcle quizzes.
OR
Log In

Sporcle TV

Today on Sporcle TV


Watch our educational content, quiz creation guides, and fun videos on Sporcle TV.

Show Comments

Extras

Top Quizzes Today


Score Distribution

Your Account Isn't Verified!

In order to create a playlist on Sporcle, you need to verify the email address you used during registration. Go to your Sporcle Settings to finish the process.

Report this User

Report this user for behavior that violates our Community Guidelines.

Details: